|
|
|
|
| LEADER |
00000nam0a2200000 4500 |
| 001 |
118815 |
| 005 |
20231031124325.0 |
| 010 |
|
|
|a 5279030376
|
| 035 |
|
|
|a (RuTPU)RU\TPU\book\128562
|
| 090 |
|
|
|a 118815
|
| 100 |
|
|
|a 20070619d2006 m y0rusy50 ca
|
| 101 |
0 |
|
|a rus
|
| 102 |
|
|
|a RU
|
| 105 |
|
|
|a a j 001zy
|
| 200 |
1 |
|
|a Компьютерное моделирование в системе Mathcad
|e учебное пособие
|f В. А. Охорзин
|
| 210 |
|
|
|a Москва
|c Финансы и статистика
|d 2006
|
| 215 |
|
|
|a 144 с.
|c ил.
|
| 320 |
|
|
|a Библиография: с. 143.
|
| 330 |
|
|
|a Рассматриваются методы математического моделирования статических и динамических систем, систем массового обслуживания, планирования эксперимента и идентификации моделей. Теоретическое изложение сопровождается многочисленными примерами и программами в системе Mathcad. Для студентов высших учебных заведений всех форм обучения по специальности «Автоматизированные системы обработки информации и управления» в рамках направления «Информатика и вычислительная техника», а также для студентов других инженерных специальностей.
|
| 333 |
|
|
|a Исключено из фонда НТБ ТПУ
|
| 675 |
|
|
|a 681.3.068(075.8)
|v 3
|
| 700 |
|
1 |
|a Охорзин
|b В. А.
|g Владимир Афанасьевич
|
| 801 |
|
1 |
|a RU
|b 63413507
|c 20070619
|g PSBO
|
| 801 |
|
2 |
|a RU
|b 63413507
|c 20210211
|g PSBO
|
| 942 |
|
|
|c BK
|
| 959 |
|
|
|a 47/20070604
|d 1
|e 70,00
|f ЧЗТЛ:1
|